000 00738nam a2200241Ia 4500
005 20250425162846.0
008 250425s9999 xx 000 0 und d
020 _a9780357716762
041 _z
_heng
082 _a658.4012
_pHIT
100 _aHitt, Michael A.
245 0 _aStrategic Management: Competitiveness & Globalization. Concepts and Cases
_cMichael A. Hitt; R. Duane Ireland; Robert E. Hoskisson; Jeffrey S. Harrison
250 _a14th Edition
260 _aBoston
_bCengage
_c2024
300 _a363 p.
_c27.4 cm.
500 _aIncluye Casos de Estudio
650 _aLiderazgo
700 _aHarrison, Jeffrey S.
700 _aHoskisson, Robert E.
700 _aIreland, R. Duane
942 _c01
010 _a117223
999 _c237888
_d237888